|
|
|
|
| LEADER |
00000nam0a2200000 4500 |
| 001 |
10383 |
| 005 |
20231030182906.0 |
| 010 |
|
|
|a 527902046X
|
| 035 |
|
|
|a (RuTPU)RU\TPU\book\10444
|
| 035 |
|
|
|a BOOK00010509
|
| 090 |
|
|
|a 10383
|
| 100 |
|
|
|a 20011209d1998 km y0rusy50 ca
|
| 101 |
0 |
|
|a rus
|
| 102 |
|
|
|a RU
|
| 105 |
|
|
|a y z 000zy
|
| 200 |
1 |
|
|a Контроль и аудит. Основные методические приемы и технология
|f А. А. Терехов, М. А. Терехов
|
| 210 |
|
|
|a Москва
|c Финансы и статистика
|d 1998
|
| 215 |
|
|
|a 207 с.
|
| 333 |
|
|
|a Исключено из фонда НТБ ТПУ
|
| 700 |
|
1 |
|a Терехов
|b А. А.
|g Александр Александрович
|
| 701 |
|
1 |
|a Терехов
|b М. А.
|g Марк Александрович
|
| 801 |
|
0 |
|a RU
|b 63413507
|c 20011209
|g PSBO
|
| 801 |
|
2 |
|a RU
|b 63413507
|c 20170418
|g PSBO
|
| 942 |
|
|
|c BK
|